[Event "Global Chess League"]
[Site "Dubai UAE"]
[Date "2023.06.25"]
[Round "5.1"]
[White "Ian Nepomniachtchi"]
[Black "Jan-Krzysztof Duda"]
[Result "1/2-1/2"]
[EventDate "2023.06.22"]
[WhiteElo "2779"]
[BlackElo "2732"]
[PlyCount "104"]

1. e4 e5 2. Nf3 Nc6 3. Bb5 Nf6 4. d3 Bc5 5. Nbd2 d6 6. c3 O-O 7. O-O a6 8. Bxc6 bxc6 9. d4 exd4 10. cxd4 Ba7 11. Qc2 c5 12. d5 Re8 13. b3 Bb7 14. Bb2 c6 15. dxc6 Bxc6 16. Rfe1 h6 17. Rad1 Re6 18. e5 dxe5 19. Nc4 Qe7 20. Nfxe5 Re8 21. Re3 Ba8 22. h3 Bb8 23. Qc3 Ne4 24. Qe1 Qg5 25. Rxe4 Bxe4 26. Qxe4 Bxe5 27. Nxe5 f6 28. f4 Qh4 29. Qd5 Qxf4 30. Nd3 Qd6 31. Qxd6 Rxd6 32. Kf2 Rd5 33. Bc1 Rf5+ 34. Nf4 c4 35. bxc4 Re4 36. Kg3 Rxc4 37. h4 Rc3+ 38. Kg4 Rfc5 39. Rd8+ Kf7 40. Bd2 h5+ 41. Nxh5 R3c4+ 42. Nf4 g5 43. Rd7+ Ke8 44. Ra7 gxf4 45. Bxf4 Rc2 46. g3 Rxa2 47. h5 Rd5 48. h6 Rh2 49. Rxa6 Kf7 50. Ra7+ Ke6 51. Ra6+ Kf7 52. Ra7+ Ke6 1/2-1/2

[Event "Global Chess League"]
[Site "Dubai UAE"]
[Date "2023.06.24"]
[Round "3.1"]
[White "Vachier-Lagrave, Maxime"]
[Black "Jan-Krzysztof Duda"]
[Result "1/2-1/2"]
[EventDate "2023.06.22"]
[WhiteElo "2747"]
[BlackElo "2732"]
[PlyCount "56"]

1. d4 Nf6 2. Bf4 d5 3. e3 c5 4. Nf3 Nc6 5. Nbd2 Qb6 6. dxc5 Qxb2 7. Rb1 Qc3 8. Bb5 g6 9. e4 dxe4 10. Be5 Qa5 11. O-O exf3 12. Nc4 Qd8 13. Qxf3 Bg4 14. Bxc6+ bxc6 15. Qxc6+ Bd7 16. Qb7 Qc8 17. Nd6+ exd6 18. Bxf6 Qxb7 19. Rxb7 Rg8 20. Rd1 Bc8 21. Rc7 d5 22. c4 d4 23. Rxd4 Be6 24. Rxa7 Rc8 25. Rc7 Ra8 26. Ra7 Rc8 27. Rc7 Ra8 28. Ra7 1/2-1/2

[Event "Global Chess League"]
[Site "Dubai UAE"]
[Date "2023.06.24"]
[Round "4.1"]
[White "Jan-Krzysztof Duda"]
[Black "Magnus Carlsen"]
[Result "1/2-1/2"]
[EventDate "2023.06.22"]
[WhiteElo "2732"]
[BlackElo "2853"]
[PlyCount "54"]

1. d4 Nf6 2. c4 e6 3. Nf3 d5 4. Nc3 Be7 5. Bf4 O-O 6. e3 c5 7. dxc5 Bxc5 8. a3 Nc6 9. cxd5 Nxd5 10. Nxd5 exd5 11. Bd3 Bd6 12. Qa4 Bxf4 13. Qxf4 d4 14. Nxd4 Qa5+ 15. Ke2 Nxd4+ 16. Qxd4 Rd8 17. Qb4 Qg5 18. Rhd1 Bg4+ 19. f3 Bf5 20. Bxf5 Qxg2+ 21. Ke1 Qg1+ 22. Ke2 Qxh2+ 23. Ke1 Qg1+ 24. Ke2 Qg2+ 25. Ke1 Qg1+ 26. Ke2 Qg2+ 27. Ke1 1/2-1/2

[Event "Global Chess League"]
[Site "Dubai UAE"]
[Date "2023.06.23"]
[Round "2.1"]
[White "Jan-Krzysztof Duda"]
[Black "Levon Aronian"]
[Result "1/2-1/2"]
[EventDate "2023.06.22"]
[WhiteElo "2732"]
[BlackElo "2742"]
[PlyCount "126"]

1. d4 Nf6 2. c4 e6 3. Nf3 d5 4. g3 Be7 5. Bg2 O-O 6. O-O dxc4 7. Qc2 a6 8. a4 Bd7 9. Qxc4 Bc6 10. Bg5 Nbd7 11. Nc3 h6 12. Bxf6 Nxf6 13. b4 Bd5 14. Nxd5 exd5 15. Qb3 Bd6 16. b5 axb5 17. axb5 Qe7 18. e3 Qe6 19. Ra2 Rxa2 20. Qxa2 Re8 21. Qa7 b6 22. Qb7 Qd7 23. Rb1 g5 24. Nd2 Qf5 25. Qc6 Kg7 26. Rb2 h5 27. Qc2 Qxc2 28. Rxc2 Ra8 29. Bf3 g4 30. Be2 Bb4 31. Nb3 Ne4 32. Rxc7 Ra2 33. Nc1 Ra1 34. Kg2 Nc3 35. Bxg4 hxg4 36. Nd3 Nxb5 37. Rb7 Ba5 38. Rd7 Bd2 39. Rxd5 Nc3 40. Rg5+ Kf8 41. Rxg4 Ra5 42. Ne5 b5 43. Rf4 Ra7 44. d5 Nxd5 45. Rd4 Nxe3+ 46. fxe3 Bxe3 47. Re4 Bc5 48. Nd3 Be7 49. Re5 Rb7 50. Nc5 Bxc5 51. Rxc5 b4 52. Rc1 b3 53. Kf3 Kg7 54. Ke3 Kg6 55. Kd2 b2 56. Rb1 Kg5 57. Kc3 Kg4 58. Rxb2 Rxb2 59. Kxb2 Kh3 60. Kc3 Kxh2 61. Kd4 Kxg3 62. Ke5 f5 63. Kxf5 1/2-1/2

[Event "Bundesliga 2022/23"]
[Site "Viernheim GER"]
[Date "2023.04.30"]
[Round "15.1"]
[White "Milos Perunovic"]
[Black "Jan Krzysztof Duda"]
[Result "0-1"]
[EventDate "?"]
[WhiteElo "2542"]
[BlackElo "2731"]
[PlyCount "104"]

1. e4 c5 2. Nf3 d6 3. d4 cxd4 4. Nxd4 Nf6 5. Nc3 a6 6. Bg5 e6 7. f4 Qb6 8. Qd2 Qxb2 9. Rb1 Qa3 10. f5 Nc6 11. fxe6 Bxe6 12. Nxe6 fxe6 13. Rxb7 Be7 14. Rb3 Qa5 15. Bc4 Nd8 16. Be3 Nd7 17. O-O Rc8 18. Be2 Bf6 19. Nb1 Qxd2 20. Nxd2 Rxc2 21. Bxa6 Rxa2 22. Bb5 Ke7 23. Rc1 Nc5 24. Bxc5 dxc5 25. Nf3 Ra1 26. Rxa1 Bxa1 27. Ra3 Bb2 28. Ra2 Bd4+ 29. Nxd4 cxd4 30. e5 g6 31. Ra7+ Kf8 32. Rd7 Nf7 33. Rxd4 Kg7 34. Bc4 Re8 35. Rd7 Kf8 36. Bb3 h6 37. h3 h5 38. Rd3 Ke7 39. Re3 Rc8 40. Re4 Rc5 41. Ra4 Rxe5 42. Bc2 Kf6 43. Ra3 Rc5 44. Rf3+ Kg7 45. Bd3 Ne5 46. Re3 Kf6 47. Be2 Nc6 48. h4 Nd4 49. Bd3 Rc1+ 50. Kf2 Rh1 51. Re4 Nf5 52. g3 Rh2+ 0-1

[Event "Bundesliga 2022/23"]
[Site "Viernheim GER"]
[Date "2023.04.29"]
[Round "14.1"]
[White "Jan Krzysztof Duda"]
[Black "Vachier Lagrave, Maxime"]
[Result "1/2-1/2"]
[EventDate "?"]
[WhiteElo "2731"]
[BlackElo "2747"]
[PlyCount "100"]

1. e4 c5 2. Nf3 d6 3. d4 cxd4 4. Nxd4 Nf6 5. Nc3 a6 6. Rg1 e5 7. Nb3 Be6 8. g4 d5 9. exd5 Nxd5 10. Nxd5 Qxd5 11. Qxd5 Bxd5 12. Be3 Nc6 13. c3 Be7 14. Nd2 O-O 15. Bc4 Bxc4 16. Nxc4 b5 17. Nd2 f6 18. Ke2 Kf7 19. b4 a5 20. a4 axb4 21. axb5 bxc3 22. bxc6 cxd2 23. Bxd2 Ke6 24. Ra5 Bd6 25. Rga1 Rxa5 26. Rxa5 Rc8 27. Ra6 Kd5 28. f3 Rxc6 29. Rxc6 Kxc6 30. h3 g6 31. Kd3 Kd5 32. Be3 f5 33. gxf5 gxf5 34. Bd2 e4+ 35. fxe4+ fxe4+ 36. Ke2 Bg3 37. Ba5 Ke6 38. Ke3 Kf5 39. Bd8 Bf4+ 40. Ke2 Bg5 41. Bc7 Bf6 42. Ke3 h5 43. Bg3 Bd8 44. Ke2 Bb6 45. Bd6 Bd4 46. Bh2 Bf6 47. Bg1 Kf4 48. Bh2+ Kg5 49. Bg3 Kf5 50. Bh2 Be5 1/2-1/2

[Event "Bundesliga 2022/23"]
[Site "Deizisau GER"]
[Date "2022.11.27"]
[Round "4.6"]
[White "Jan Krzysztof Duda"]
[Black "M Amin Tabatabaei"]
[Result "1/2-1/2"]
[EventDate "?"]
[WhiteElo "2731"]
[BlackElo "2657"]
[PlyCount "58"]

1. e4 e5 2. Nf3 Nc6 3. Bb5 a6 4. Ba4 Nf6 5. O-O Nxe4 6. d4 b5 7. Bb3 d5 8. dxe5 Be6 9. Nbd2 Nc5 10. c3 d4 11. Bxe6 Nxe6 12. cxd4 Ncxd4 13. a4 Bb4 14. axb5 Nxf3+ 15. Nxf3 axb5 16. Rxa8 Qxa8 17. Ng5 Be7 18. Nxe6 fxe6 19. Qg4 Kf7 20. Bg5 Re8 21. Rc1 Bxg5 22. Qxg5 Qd8 23. Qe3 Kg8 24. h3 Qd7 25. Kh2 Rd8 26. Rc5 h6 27. Qg3 c6 28. f3 Qe8 29. f4 1/2-1/2

[Event "Bundesliga 2022/23"]
[Site "Deizisau GER"]
[Date "2022.11.26"]
[Round "3.5"]
[White "Matthias Bluebaum"]
[Black "Jan Krzysztof Duda"]
[Result "1/2-1/2"]
[EventDate "?"]
[WhiteElo "2647"]
[BlackElo "2731"]
[PlyCount "44"]

1. d4 d5 2. c4 c6 3. Nc3 Nf6 4. e3 e6 5. b3 Bb4 6. Bb2 Ne4 7. Qc2 O-O 8. Bd3 Bxc3+ 9. Bxc3 Nxc3 10. Qxc3 Nd7 11. Nf3 dxc4 12. Bxc4 b6 13. O-O Bb7 14. b4 a5 15. a3 c5 16. dxc5 axb4 17. axb4 bxc5 18. Be2 Rxa1 19. Rxa1 cxb4 20. Qxb4 Bxf3 21. Bxf3 Qb6 22. Qxb6 1/2-1/2

[Event "Meltwater Champions Chess Tour Finals"]
[Site "chess24.com INT"]
[Date "2022.11.20"]
[Round "7.1"]
[White "Magnus Carlsen"]
[Black "Jan-Krzysztof Duda"]
[Result "1/2-1/2"]
[EventDate "2022.11.14"]
[WhiteElo "2859"]
[BlackElo "2731"]
[PlyCount "96"]

1. g3 c5 2. c4 g6 3. Bg2 Bg7 4. Nc3 Nc6 5. Nf3 e6 6. h4 Nf6 7. d4 cxd4 8. Nxd4 d5 9. O-O O-O 10. Be3 Re8 11. cxd5 exd5 12. Nxc6 bxc6 13. Bd4 Bg4 14. Qd2 a5 15. Rfe1 a4 16. a3 h5 17. Rad1 Kh7 18. Bf3 Bh6 19. Qd3 Bf5 20. Bxf6 Qxf6 21. Qd4 Qxd4 22. Rxd4 Reb8 23. e4 dxe4 24. Bxe4 Bxe4 25. Rexe4 Rxb2 26. Rxa4 Rxa4 27. Rxa4 Bf8 28. Ne4 Rb7 29. Ra6 Kg7 30. a4 Rb4 31. Nd2 c5 32. Ra7 Kf6 33. a5 Ra4 34. a6 c4 35. Ne4+ Ke5 36. Nc3 Ra1+ 37. Kg2 Bb4 38. Ne2 Ra2 39. Kf3 Ra3+ 40. Kg2 Ra2 41. Rb7 Rxe2 42. Rxb4 Ra2 43. Rxc4 Rxa6 44. Rf4 Ke6 45. Re4+ Kf6 46. Rf4+ Ke6 47. Re4+ Kf6 48. Rf4+ Ke6 1/2-1/2

[Event "Meltwater Champions Chess Tour Finals"]
[Site "chess24.com INT"]
[Date "2022.11.20"]
[Round "7.3"]
[White "Magnus Carlsen"]
[Black "Jan-Krzysztof Duda"]
[Result "1/2-1/2"]
[EventDate "2022.11.14"]
[WhiteElo "2859"]
[BlackElo "2731"]
[PlyCount "148"]

1. e4 c5 2. Nf3 e6 3. d4 cxd4 4. Nxd4 Nc6 5. c4 Nf6 6. Nc3 Bb4 7. Nxc6 bxc6 8. Bd3 e5 9. O-O O-O 10. Qe2 Bxc3 11. bxc3 d6 12. c5 dxc5 13. f3 Be6 14. Be3 Nd7 15. Rfd1 Qe7 16. a4 a5 17. Rab1 Rfb8 18. Rxb8+ Rxb8 19. Bc4 Nf8 20. Bxe6 Nxe6 21. Qd3 h5 22. Qd6 Qxd6 23. Rxd6 Rb3 24. Rxc6 Rxc3 25. Bd2 Rc2 26. Bxa5 Nf4 27. Kf1 Nxg2 28. Bb6 Nh4 29. Rxc5 Rxh2 30. a5 Ra2 31. Rxe5 Nxf3 32. Rxh5 Nd2+ 33. Ke2 Nc4+ 34. Kf3 Nxb6 35. axb6 Rb2 36. Ra5 Rxb6 37. Ra7 Rf6+ 38. Kg4 Kh7 39. e5 Rf1 40. Ra6 Re1 41. Kf4 g6 42. Ra8 Kh6 43. Rh8+ Kg7 44. Re8 Rf1+ 45. Kg4 Ra1 46. Kf4 Ra4+ 47. Kf3 g5 48. Rb8 Rf4+ 49. Kg3 Re4 50. Rb5 Kf8 51. Kf3 Rf4+ 52. Ke3 Ke7 53. Rb6 Rf1 54. Ke4 Rf2 55. Rb7+ Kf8 56. e6 fxe6 57. Ke5 Rf7 58. Rb6 Kg7 59. Rxe6 Rf1 60. Ra6 Kf7 61. Rb6 Rf4 62. Ra6 Kg7 63. Rb6 Kh7 64. Ra6 Rf7 65. Rb6 g4 66. Rb4 g3 67. Rh4+ Kg8 68. Rh1 Rf2 69. Rg1 g2 70. Ke4 Kf7 71. Ke3 Ra2 72. Kf3 Kf6 73. Rxg2 Rxg2 74. Kxg2 1/2-1/2

[Event "Meltwater Champions Chess Tour Finals"]
[Site "chess24.com INT"]
[Date "2022.11.19"]
[Round "6.1"]
[White "Jan-Krzysztof Duda"]
[Black "Wesley So"]
[Result "0-1"]
[EventDate "2022.11.14"]
[WhiteElo "2731"]
[BlackElo "2760"]
[PlyCount "98"]

1. d4 Nf6 2. c4 e6 3. Nf3 d5 4. g3 dxc4 5. Bg2 c5 6. O-O Nc6 7. Qa4 Bd7 8. Qxc4 b5 9. Qd3 c4 10. Qd1 Rc8 11. a3 Na5 12. Nc3 Bc6 13. Bg5 Be7 14. e3 Nb3 15. Rb1 O-O 16. Ne5 Bxg2 17. Kxg2 Nd5 18. Bxe7 Qxe7 19. Qc2 Qb7 20. Nf3 Rfd8 21. Rbd1 a5 22. e4 Ne7 23. Rfe1 h6 24. a4 bxa4 25. Nxa4 Nc6 26. Nc5 Nxc5 27. dxc5 Qb4 28. Rxd8+ Nxd8 29. Re3 Rxc5 30. Rc3 Nc6 31. Qd2 Ne5 32. Nxe5 Rxe5 33. Qd8+ Kh7 34. Qd4 Rc5 35. Rf3 Rc7 36. h4 a4 37. g4 Rb7 38. e5 Qxb2 39. Qe4+ Kg8 40. Qxc4 Rb4 41. Qc8+ Kh7 42. Rxf7 Rxg4+ 43. Kh3 Qd4 44. Qxe6 Rg6 45. Qf5 Qd1 46. Qe4 a3 47. Qf3 Qf1+ 48. Kh2 Qg1+ 49. Kh3 a2 0-1

[Event "Meltwater Champions Chess Tour Finals"]
[Site "chess24.com INT"]
[Date "2022.11.19"]
[Round "6.2"]
[White "Wesley So"]
[Black "Jan-Krzysztof Duda"]
[Result "1-0"]
[EventDate "2022.11.14"]
[WhiteElo "2760"]
[BlackElo "2731"]
[PlyCount "92"]

1. d4 Nf6 2. c4 g6 3. Nc3 d5 4. Nf3 Bg7 5. Bg5 Ne4 6. Bf4 Nxc3 7. bxc3 dxc4 8. e3 Be6 9. Qb1 b6 10. Ng5 Bd5 11. e4 h6 12. Nf3 Be6 13. Be5 f6 14. Bg3 c6 15. a4 a6 16. Be2 O-O 17. O-O Nd7 18. Nh4 Bf7 19. e5 fxe5 20. Nxg6 exd4 21. Nxf8 Nxf8 22. cxd4 Qxd4 23. Qc2 Bd5 24. Rae1 b5 25. Bf3 Bxf3 26. gxf3 Qd3 27. Qc1 Ng6 28. Re6 Kf7 29. Rxc6 Qxf3 30. axb5 axb5 31. Rc5 Ra1 32. Qc2 Rxf1+ 33. Kxf1 Bf6 34. Rxb5 Qh1+ 35. Ke2 c3 36. Qd3 Kg7 37. Qd5 Qc1 38. Rb8 Nf8 39. Qd8 Kg6 40. Qxf8 Qd2+ 41. Kf1 c2 42. Qe8+ Kg5 43. h4+ Kf5 44. Qh5+ Bg5 45. Qf7+ Kg4 46. Kg2 1-0

[Event "Meltwater Champions Chess Tour Finals"]
[Site "chess24.com INT"]
[Date "2022.11.19"]
[Round "6.3"]
[White "Jan-Krzysztof Duda"]
[Black "Wesley So"]
[Result "0-1"]
[EventDate "2022.11.14"]
[WhiteElo "2731"]
[BlackElo "2760"]
[PlyCount "78"]

1. c4 Nf6 2. Nc3 c5 3. e4 Nc6 4. g3 e6 5. Bg2 d5 6. cxd5 exd5 7. Nxd5 Nxd5 8. exd5 Nb4 9. Ne2 Bf5 10. d3 Nxd3+ 11. Kf1 Bd6 12. Be3 O-O 13. g4 Bg6 14. h4 Re8 15. Qd2 Ne5 16. h5 Nc4 17. Qc3 Nxe3+ 18. fxe3 Be4 19. h6 Be5 20. Qc4 Bxg2+ 21. Kxg2 b5 22. Qd3 c4 23. Qd2 Qg5 24. hxg7 Qxg4+ 25. Kf2 Qf5+ 26. Nf4 Bxf4 27. exf4 Re4 28. Kf3 Rae8 29. Rad1 b4 30. Rh4 Re2 31. Qd4 Qc2 32. Rg1 Rd2 33. Qf6 Rd3+ 34. Kg4 Qe2+ 35. Kg5 Rxd5+ 36. f5 Qe3+ 37. Kh5 Qxg1 38. Qxf7+ Kxf7 39. g8=Q+ Rxg8 0-1

[Event "Meltwater Champions Chess Tour Finals"]
[Site "chess24.com INT"]
[Date "2022.11.18"]
[Round "5.1"]
[White "Jan-Krzysztof Duda"]
[Black "R Praggnanandhaa"]
[Result "1-0"]
[EventDate "2022.11.14"]
[WhiteElo "2731"]
[BlackElo "2678"]
[PlyCount "114"]

1. d4 Nf6 2. c4 e6 3. g3 d5 4. Bg2 dxc4 5. Nf3 c6 6. Ne5 Bb4+ 7. Bd2 Be7 8. e3 b5 9. a4 b4 10. O-O O-O 11. Qc2 a5 12. Rd1 Ra7 13. e4 Qxd4 14. Bf4 Qc5 15. Nd2 Nbd7 16. Nexc4 Qh5 17. Rac1 Ba6 18. Bf3 Ng4 19. Bxg4 Qxg4 20. Nxa5 Rc8 21. Ndc4 Qh5 22. Rd2 h6 23. Qd1 Qxd1+ 24. Rcxd1 Bxc4 25. Nxc4 Nf6 26. Be3 c5 27. f3 b3 28. Bf4 g5 29. Be5 g4 30. f4 Nxe4 31. Rd7 Rca8 32. Nb6 Rxd7 33. Rxd7 Ra6 34. a5 Bf6 35. Nc4 Bxe5 36. fxe5 f6 37. Rb7 fxe5 38. Rxb3 Nd6 39. Rb6 Rxb6 40. axb6 Nb7 41. Kf2 Kg7 42. Nxe5 h5 43. Ke3 Kf6 44. Kf4 Ke7 45. Kg5 Kd6 46. Ng6 Na5 47. Kxh5 Nc4 48. b3 Nd2 49. Ne5 Nxb3 50. Nc4+ Kc6 51. Kxg4 Nd4 52. h4 Kb5 53. b7 Nc6 54. Nd6+ Kb6 55. h5 c4 56. Nxc4+ Kxb7 57. h6 1-0

[Event "Meltwater Champions Chess Tour Finals"]
[Site "chess24.com INT"]
[Date "2022.11.18"]
[Round "5.2"]
[White "R Praggnanandhaa"]
[Black "Jan-Krzysztof Duda"]
[Result "1-0"]
[EventDate "2022.11.14"]
[WhiteElo "2678"]
[BlackElo "2731"]
[PlyCount "106"]

1. e4 e5 2. Nf3 Nc6 3. Bc4 Bc5 4. c3 Nf6 5. d4 exd4 6. e5 d5 7. Bb5 Ne4 8. cxd4 Bb6 9. Nc3 O-O 10. Be3 Bg4 11. h3 Bh5 12. Qc2 Bg6 13. Qb3 Nxc3 14. Bxc6 bxc6 15. Qxc3 Be4 16. Nd2 Bf5 17. O-O f6 18. f4 Bd7 19. Rae1 a5 20. a4 Qe7 21. Kh1 fxe5 22. fxe5 Rxf1+ 23. Rxf1 Rf8 24. Rxf8+ Qxf8 25. Kh2 Qf5 26. Nf3 Qe4 27. Bf2 h6 28. b4 axb4 29. Qxb4 c5 30. Qa3 Qc2 31. dxc5 Ba5 32. Qe3 Bxa4 33. e6 Be8 34. Qa3 Qa4 35. Qb2 Qb4 36. Qa2 c6 37. Kh1 Bc7 38. Qa6 Kh7 39. Bg1 Qb1 40. Qa8 Qb8 41. Qa1 Bg6 42. Bd4 Qf8 43. Be5 Bxe5 44. Qxe5 Qxc5 45. e7 Qc1+ 46. Kh2 Qc2 47. Nh4 Be8 48. Nf5 Kg6 49. Nxg7 Bf7 50. e8=Q Bxe8 51. Nxe8 Kf7 52. Nd6+ Kg6 53. Qe6+ 1-0

[Event "Meltwater Champions Chess Tour Finals"]
[Site "chess24.com INT"]
[Date "2022.11.18"]
[Round "5.3"]
[White "Jan-Krzysztof Duda"]
[Black "R Praggnanandhaa"]
[Result "1-0"]
[EventDate "2022.11.14"]
[WhiteElo "2731"]
[BlackElo "2678"]
[PlyCount "86"]

1. d4 Nf6 2. c4 e6 3. g3 d5 4. Bg2 dxc4 5. Nf3 c6 6. Ne5 Bb4+ 7. Bd2 Be7 8. e3 b5 9. a4 b4 10. O-O O-O 11. Qc2 Bb7 12. Rc1 a5 13. Be1 Qc7 14. Qxc4 c5 15. Bxb7 Qxb7 16. dxc5 Rc8 17. Qb5 Qc7 18. Nd3 Nbd7 19. Nd2 Rab8 20. Qc4 Nxc5 21. Nxc5 Qxc5 22. Qxc5 Bxc5 23. Nc4 Nd7 24. Nxa5 Ne5 25. Nc4 Nd3 26. Rd1 Nxe1 27. Rxe1 Bd4 28. Rac1 Bc3 29. Nd6 Rd8 30. bxc3 Rxd6 31. cxb4 g6 32. b5 Rd2 33. Red1 Ra2 34. Ra1 Rc2 35. Rdc1 Rd2 36. Rcb1 Rd5 37. Ra2 Kf8 38. Rb4 Ke7 39. Rc4 Rd1+ 40. Kg2 Rb1 41. Rc7+ Kf6 42. Rd2 Rb4 43. Rd4 1-0

[Event "Meltwater Champions Chess Tour Finals"]
[Site "chess24.com INT"]
[Date "2022.11.18"]
[Round "5.4"]
[White "R Praggnanandhaa"]
[Black "Jan-Krzysztof Duda"]
[Result "1-0"]
[EventDate "2022.11.14"]
[WhiteElo "2678"]
[BlackElo "2731"]
[PlyCount "80"]

1. e4 e5 2. Nf3 Nc6 3. Bc4 Bc5 4. c3 Nf6 5. d4 exd4 6. e5 d5 7. Bb5 Ne4 8. cxd4 Bb6 9. Nc3 O-O 10. Be3 Bg4 11. h3 Bh5 12. Qc2 Ba5 13. O-O Bxf3 14. gxf3 Nxd4 15. Bxd4 Qg5+ 16. Kh1 Bxc3 17. Bxc3 Qf5 18. Rfc1 Qxh3+ 19. Kg1 Ng5 20. Be2 Qh6 21. Bd2 Rae8 22. Qd3 Qh4 23. Bf1 Rxe5 24. Rxc7 Nh3+ 25. Bxh3 Qxh3 26. Qf1 Qxf3 27. Qg2 Qh5 28. Rxb7 Re6 29. Rb3 Qe2 30. Qxd5 Rfe8 31. Rg3 Re5 32. Qd4 Qe4 33. Bc3 g6 34. Rd1 a6 35. Qxe4 Rxe4 36. Rd6 a5 37. Bxa5 Ra4 38. Ra3 Rxa3 39. bxa3 Ra8 40. Rd8+ 1-0

[Event "Meltwater Champions Chess Tour Finals"]
[Site "chess24.com INT"]
[Date "2022.11.18"]
[Round "5.5"]
[White "R Praggnanandhaa"]
[Black "Jan-Krzysztof Duda"]
[Result "1-0"]
[EventDate "2022.11.14"]
[WhiteElo "2678"]
[BlackElo "2731"]
[PlyCount "100"]

1. e4 e6 2. d4 d5 3. Nc3 dxe4 4. Nxe4 Bd7 5. Nf3 Bc6 6. Bd3 Nd7 7. O-O Ngf6 8. Ng3 g6 9. Re1 Bg7 10. h4 O-O 11. h5 b6 12. Qe2 Bb7 13. Bf4 c5 14. c3 cxd4 15. cxd4 Nd5 16. Bg5 Bf6 17. Bd2 Qe7 18. Ne4 Bg7 19. Neg5 Rfd8 20. Nxh7 Kxh7 21. hxg6+ fxg6 22. Ng5+ Kg8 23. Bxg6 N5f6 24. Bf7+ Kh8 25. Qd3 Nf8 26. Qh3+ N6h7 27. Rxe6 Bc8 28. Rxe7 Bxh3 29. Nxh3 Bxd4 30. Bc3 Bxc3 31. bxc3 Rac8 32. Rxa7 Rxc3 33. Re1 Rd7 34. Rxd7 Nxd7 35. Nf4 Nhf6 36. Nd5 Nxd5 37. Bxd5 Nf6 38. Bf3 Kg7 39. Rb1 Ra3 40. Rb2 Nd7 41. Be2 Nc5 42. g3 Na4 43. Rd2 Nc3 44. Bc4 Ne4 45. Rd7+ Kf8 46. Rd4 Nc3 47. Rd2 b5 48. Bb3 b4 49. Kg2 Ke7 50. Rd4 1-0

[Event "Meltwater Champions Chess Tour Finals"]
[Site "chess24.com INT"]
[Date "2022.11.18"]
[Round "5.6"]
[White "Jan-Krzysztof Duda"]
[Black "R Praggnanandhaa"]
[Result "1-0"]
[EventDate "2022.11.14"]
[WhiteElo "2731"]
[BlackElo "2678"]
[PlyCount "82"]

1. e4 e5 2. Bc4 Nf6 3. d3 Nc6 4. Nc3 Na5 5. Qf3 Bb4 6. Ne2 O-O 7. a3 Bxc3+ 8. Nxc3 Nxc4 9. dxc4 d6 10. Bg5 Be6 11. b3 h6 12. Bh4 g5 13. Bg3 Qe7 14. a4 Kg7 15. Qe2 Bg4 16. Qd2 Nh5 17. Nd5 Qd8 18. Ne3 Be6 19. O-O-O Qf6 20. f3 a6 21. Qc3 Rfd8 22. a5 Rd7 23. Rd2 Rad8 24. Rhd1 Nf4 25. Qb4 Rb8 26. Kb1 Qe7 27. Ka2 Rdd8 28. Bf2 Qf6 29. Qc3 Rdc8 30. g4 Ng6 31. Nf5+ Bxf5 32. gxf5 Nf4 33. Ba7 Ra8 34. Be3 Rd8 35. Qb4 b6 36. axb6 a5 37. Qb5 Rab8 38. Qc6 a4 39. bxc7 axb3+ 40. cxb3 Ra8+ 41. Kb2 1-0

[Event "Meltwater Champions Chess Tour Finals"]
[Site "chess24.com INT"]
[Date "2022.11.18"]
[Round "5.7"]
[White "Jan-Krzysztof Duda"]
[Black "R Praggnanandhaa"]
[Result "1/2-1/2"]
[EventDate "2022.11.14"]
[WhiteElo "2731"]
[BlackElo "2678"]
[PlyCount "180"]

1. e4 c5 2. Nc3 Nc6 3. Nf3 e5 4. Bc4 Be7 5. d3 d6 6. Nd2 Nf6 7. Nf1 Bg4 8. f3 Be6 9. Ne3 O-O 10. a3 Nd7 11. O-O Nb6 12. Ned5 Bg5 13. Bxg5 Qxg5 14. b3 Bxd5 15. Bxd5 Nxd5 16. Nxd5 Rad8 17. c3 Rd7 18. b4 cxb4 19. axb4 Ne7 20. Nxe7+ Rxe7 21. Qc1 Qxc1 22. Rfxc1 a6 23. Kf2 f5 24. Ra5 fxe4 25. dxe4 Rc7 26. Ke3 Kf7 27. Kd3 Ke6 28. Rd5 g5 29. Kc2 b5 30. Rcd1 Rc6 31. R5d3 h5 32. Rf1 Rf7 33. Kd2 Ra7 34. Ra1 Rf7 35. Ke2 Rfc7 36. Ra3 Rf7 37. Kf2 Rd7 38. Kg3 Rg7 39. Ra2 Rgc7 40. Rad2 Rg7 41. h4 g4 42. f4 Rgc7 43. f5+ Ke7 44. Kf2 Rd7 45. Ra2 Rdc7 46. Ra3 Rb6 47. Ke3 Rc4 48. Rd1 Kf6 49. Rda1 Rcc6 50. Kd3 Ke7 51. R1a2 Kf6 52. Rc2 Rc4 53. Rca2 Rcc6 54. Ra1 Kf7 55. R3a2 Kf6 56. Re1 Rc4 57. Ra3 Rc8 58. Kc2 Rc4 59. Kd2 Rc7 60. Rea1 Rcc6 61. Kc2 Kf7 62. Kb3 Kf6 63. Re1 Rc4 64. Re3 Rcc6 65. Ra2 Rc4 66. Rd2 Ke7 67. Rd5 Rcc6 68. Rd2 Kf6 69. Rd1 Rc4 70. Kb2 Rcc6 71. Red3 Ke7 72. Kb3 Kf6 73. R3d2 Ke7 74. Re1 Kf6 75. Ra1 Rc4 76. Re2 Rcc6 77. Re3 Rc4 78. Rd1 Ke7 79. Rd2 Kf6 80. Rd5 Ke7 81. Ka2 Kf6 82. Kb2 Ke7 83. Kb3 Kf6 84. Rd2 Ke7 85. Rf2 Kf6 86. Rf1 Rcc6 87. Rb1 Rc4 88. Rb2 Rbc6 89. Ra2 Rb6 90. Rd2 1/2-1/2

[Event "Aimchess Meltwater Champions"]
[Site "chess24.com INT"]
[Date "2022.10.17"]
[Round "13.7"]
[White "Nils Grandelius"]
[Black "Jan-Krzysztof Duda"]
[Result "1-0"]
[EventDate "2022.10.14"]
[WhiteElo "2651"]
[BlackElo "2731"]
[PlyCount "136"]

1. e4 e5 2. Nf3 Nc6 3. Bb5 Nf6 4. d3 Bc5 5. c3 d5 6. exd5 Qxd5 7. Bc4 Qd6 8. Nbd2 Bf5 9. b4 Bb6 10. Ng5 O-O 11. Nde4 Nxe4 12. dxe4 Qxd1+ 13. Kxd1 Bg4+ 14. Kc2 h6 15. Nf3 Bxf2 16. Rf1 Bb6 17. a4 a6 18. Ba3 Rfe8 19. Rad1 Be6 20. Bxe6 Rxe6 21. a5 Be3 22. Rd7 Rc8 23. Nh4 Nb8 24. Rd3 Bg5 25. Nf5 Rd8 26. Rg3 g6 27. Bc1 gxf5 28. exf5 Red6 29. h4 f6 30. hxg5 hxg5 31. Rh1 Nd7 32. Be3 Nf8 33. Rgh3 b6 34. axb6 cxb6 35. Ra1 Ra8 36. Rh6 Kf7 37. Bxg5 a5 38. g4 Rc6 39. b5 Rd6 40. Rd1 Rxd1 41. Rxf6+ Kg7 42. Kxd1 a4 43. Kc2 a3 44. Kb1 a2+ 45. Ka1 Nd7 46. Rg6+ Kf7 47. Be3 Nf6 48. c4 Ra3 49. Bc1 Ra4 50. Rh6 Ne4 51. Rh7+ Kg8 52. Rh2 Nc5 53. Rxa2 Nb3+ 54. Kb2 Rxa2+ 55. Kxb3 Rg2 56. g5 Rf2 57. f6 Rf3+ 58. Kb4 Kf7 59. c5 bxc5+ 60. Kc4 Ke6 61. b6 Kd6 62. b7 Kc7 63. Kxc5 Kxb7 64. Kd5 Kc7 65. Kxe5 Kd7 66. g6 Ke8 67. Ke6 Kf8 68. Bh6+ 1-0

[Event "Aimchess Meltwater Champions"]
[Site "chess24.com INT"]
[Date "2022.10.17"]
[Round "14.2"]
[White "Jan-Krzysztof Duda"]
[Black "Daniel Naroditsky"]
[Result "1-0"]
[EventDate "2022.10.14"]
[WhiteElo "2731"]
[BlackElo "2617"]
[PlyCount "108"]

1. d4 Nf6 2. c4 g6 3. Nc3 Bg7 4. e4 d6 5. h3 O-O 6. Be3 e5 7. d5 Na6 8. Nf3 Nh5 9. Nd2 Qe8 10. g3 f5 11. exf5 gxf5 12. Be2 Nf6 13. Rg1 c6 14. Qb3 Nc7 15. O-O-O cxd5 16. cxd5 b5 17. Kb1 Bd7 18. Qb4 Qe7 19. Nb3 Kh8 20. Bg5 a5 21. Nxa5 Na6 22. Qh4 Nc7 23. Nc6 Qf7 24. Nb4 e4 25. Bh6 Na6 26. Nxa6 Rxa6 27. g4 fxg4 28. Bxg7+ Qxg7 29. hxg4 Ra7 30. g5 Ng8 31. Rh1 Bf5 32. Bxb5 Bg6 33. Ka1 Rfa8 34. Qg3 Ne7 35. Qxd6 e3 36. Qf6 exf2 37. d6 Nf5 38. d7 Qxf6 39. gxf6 Rd8 40. Rd2 Ng3 41. Rc1 f1=Q 42. Bxf1 Nxf1 43. Rxf1 Raxd7 44. Rxd7 Rxd7 45. b4 Kg8 46. b5 Kf7 47. a4 h5 48. Rf4 Ke6 49. a5 Ke5 50. Rb4 Kxf6 51. b6 h4 52. b7 Rxb7 53. Rxb7 h3 54. Ne2 1-0

[Event "Aimchess Meltwater Champions"]
[Site "chess24.com INT"]
[Date "2022.10.15"]
[Round "5.3"]
[White "Mittal Aditya"]
[Black "Jan-Krzysztof Duda"]
[Result "0-1"]
[EventDate "2022.10.14"]
[WhiteElo "2486"]
[BlackElo "2731"]
[PlyCount "114"]

1. d4 Nf6 2. c4 e6 3. Nf3 d5 4. Nc3 Bb4 5. Bg5 h6 6. Bxf6 Qxf6 7. e3 O-O 8. Rc1 dxc4 9. Bxc4 c5 10. O-O cxd4 11. Nxd4 Rd8 12. Qb3 Bf8 13. Be2 Nd7 14. Ne4 Qe5 15. Bf3 Nb6 16. Qc2 Nd5 17. a3 Bd7 18. Nc5 Be8 19. Qe4 Qf6 20. Nxb7 Rdb8 21. Nc5 Rxb2 22. Qd3 Rd8 23. Qa6 Qe7 24. Rfd1 Nxe3 25. fxe3 Qg5 26. Nd3 Qxe3+ 27. Kh1 Rb6 28. Qxa7 Rbd6 29. Nb4 Rxd4 30. Re1 Qf4 31. Rf1 Qb8 32. Qxb8 Rxb8 33. Nc6 Bxc6 34. Rxc6 Bxa3 35. Rc7 Bd6 36. Ra7 Bc5 37. Ra5 Rc4 38. h3 g6 39. Be2 Rc2 40. Bd3 Rc3 41. Be4 f5 42. Bf3 Kf7 43. Ra6 Kf6 44. Re1 Rb6 45. Ra8 e5 46. Rf1 h5 47. Re8 Re6 48. Rb8 e4 49. Be2 h4 50. Rh8 Kg5 51. Bb5 Rb6 52. Bd7 Rd3 53. Bc8 Rbd6 54. Rg8 Rd1 55. Rxd1 Rxd1+ 56. Kh2 Bg1+ 57. Kh1 Bf2+ 0-1